000 00187nam a2200073Ia 4500
008 180219s9999 xx 000 0 und d
100 _aRao V K
245 0 _aScience Education
260 _aA.P.H. Pub. Corporation New Delhi
999 _c41086
_d41086